Normal view
MARC view
- Delivery of goods
Entry Topical Term
001 - CONTROL NUMBER
- control field: 7062
003 - CONTROL NUMBER IDENTIFIER
- control field: OSt
005 - DATE AND TIME OF LATEST TRANSACTION
- control field: 20170523105537.0
008 - FIXED-LENGTH DATA ELEMENTS
- fixed length control field: 170523|| aca||aabn | a|a d
040 ## - CATALOGING SOURCE
- Original cataloging agency: OSt
- Transcribing agency: OSt
150 ## - HEADING--TOPICAL TERM
- Topical term or geographic name entry element: Delivery of goods
- General subdivision: Management
- Geographic subdivision: Malaysia
- Form subdivision: Congresses
670 ## - SOURCE DATA FOUND
- Source citation: Work cat.: (OSt)0: Civil Service Conference [8th : 2003 : Kuala Lumpur] 7061, Managing the National Economy in Challenging Times :, 2004

PORTAL AKMAL
E-MEL JKDM
AKMAL2U
G-BAM
u-PUSTAKA